Titta Ruffo (Record no. 29646)

MARC details
000 -LEADER
campo de control de longitud fija 00473nam a2200157 i 4500
001 - NÚMERO DE CONTROL
campo de control 29646
003 - IDENTIFICADOR DE NÚMERO DE CONTROL
campo de control ES-MaACL
005 - FECHA Y HORA DE LA ÚLTIMA TRANSACCIÓN
campo de control 20230906154052.0
007 - CAMPO FIJO DE DESCRIPCIÓN FÍSICA--INFORMACIÓN GENERAL
campo de control de longitud fija t|
008 - DATOS DE LONGITUD FIJA--INFORMACIÓN GENERAL
campo de control de longitud fija 030122s1911 ag ||||1| spa d
100 1# - ENTRADA PRINCIPAL--NOMBRE DE PERSONA
Nombre de persona Barrenechea, Mariano Antonio.
9 (RLIN) 25911
245 10 - MENCIÓN DEL TÍTULO
Título Titta Ruffo
Resto del título : notas de psicología artística /
Mención de responsabilidad, etc. Mariano Antonio Barrenechea.
260 ## - PUBLICACIÓN, DISTRIBUCIÓN, ETC.
Lugar de publicación, distribución, etc. Buenos Aires :
Nombre del editor, distribuidor, etc. [s.n.,
Fecha de publicación, distribución, etc. 1911] (
Fabricante A. Cantiello)
300 ## - DESCRIPCIÓN FÍSICA
Extensión 137 p. ;
Dimensiones 19 cm.
852 ## - LOCALIZACIÓN
Ubicación ES-MaACL
Número de control de estantería D-2344
Holdings
Estatus retirado Estado de pérdida Estado de daño No para préstamo Biblioteca de origen Biblioteca actual Ubicación en estantería Fecha de adquisición Fuente de adquisición Total de préstamos Signatura topográfica completa Código de barras Visto por última vez Precio de reemplazo Tipo de ítem Koha
        Biblioteca del Ateneo de Madrid Biblioteca del Ateneo de Madrid Sala Valle Inclán 17/01/2008     D-2344 901030608 23/02/2023 23/02/2023 Libro impreso